Epithelial morphogenesis in development and disease / (Record no. 18310)

000 -LEADER
fixed length control field 00518nam a22001814a 4500
020 ## - INTERNATIONAL STANDARD BOOK NUMBER
ISBN 9057024195
040 ## - CATALOGING SOURCE
Transcribing agency NLM
082 00 - DEWEY DECIMAL CLASSIFICATION NUMBER
Classification number 611 OPA 1999 C142 Or.
245 00 - TITLE STATEMENT
Title Epithelial morphogenesis in development and disease /
260 ## - PUBLICATION, DISTRIBUTION, ETC. (IMPRINT)
Place of publication Amsterdam :
Name of publisher Harwood Academic,
Year of publication c1999
300 ## - PHYSICAL DESCRIPTION
Number of Pages xiv, 449 p. :
Other physical details ill. (some col.) ;
Dimensions 26 cm
490 1# - SERIES STATEMENT
Series statement Cell adhesion and communication,
650 #0 - SUBJECT ADDED ENTRY--TOPICAL TERM
Topical Term Morphogenesis
650 #0 - SUBJECT ADDED ENTRY--TOPICAL TERM
Topical Term Epithelial cells
700 1# - ADDED ENTRY--PERSONAL NAME
Personal name Birchmeier, W.
700 1# - ADDED ENTRY--PERSONAL NAME
Personal name Birchmeier, Carmen
942 ## - ADDED ENTRY ELEMENTS (KOHA)
Koha item type សៀវភៅភាសាអង់គ្លេស
952 ## - LOCATION AND ITEM INFORMATION (KOHA)
Withdrawn status [LOCAL, KOHA] 0
Holdings
Source of acquisition Permanent Location Date acquired Koha item type Lost status Shelving location Current Location Full call number
A39768Library Block C2019-10-18សៀវភៅភាសាអង់គ្លេស C142Library Block C611 OPA 1999 C142 Or.
មជ្ឈមណ្ឌលឯការនៃសាកលវិទ្យាល័យភូមិន្ទកសិកម្មចំការដូង

Powered by Koha